| 000 | 00459nam a22001817a 4500 | ||
|---|---|---|---|
| 003 | MPLRDC | ||
| 005 | 20220104143647.0 | ||
| 008 | 210129b ||||| |||| 00| 0 eng d | ||
| 020 | _a7-80575-103-X | ||
| 082 | _a785.28 FORD | ||
| 100 | _a罗宾斯 著 | ||
| 245 |
_a福特大传: 汽车王国的豪富与霸王 _c |
||
| 250 | _a一版一刷 | ||
| 260 |
_a _b成都出版社 _c1996 |
||
| 300 | _b平 | ||
| 650 | _a美国传记 | ||
| 942 |
_cBK _o785.28 FORD |
||
| 999 |
_c42087 _d42077 |
||